[Event "World Cup!"]
[Site "http://www.queenalice.com/game.php?id=630228"]
[Date "2009.8.3"]
[Round "1"]
[White "PeterCamargo"]
[Black "Conde7"]
[Result "1/2-1/2"]
[WhiteElo "2439"]
[BlackElo "2551"]

1. e4 c5 2. Nf3 Nc6 3. h3 d6 4. Bc4 Nf6 5. Nc3 Nxe4 6. Nxe4 d5 7. Qe2 dxc4 8.
Qxc4 e5 9. Nxc5 Qd6 10. b4 Nxb4 11. Qxb4 Qxc5 12. Qe4 Bd6 13. O-O O-O 14. a4 f5
15. Qd3 e4 16. Qb3+ Kh8 17. Ba3 Qc7 18. Nd4 Bxa3 19. Qxa3 Bd7 20. f3 exf3 21.
Qxf3 a5 22. Qd5 f4 23. c3 Rad8 24. Rfe1 Bc6 25. Qe5 Qf7 26. Qe6 h6 27. Qxf7 Rxf7
28. Re6 Rd5 29. Ra2 Rc5 30. Nxc6 bxc6 31. Kf2 Kh7 32. Kf3 1/2-1/2

[Event "Challenge"]
[Site "http://www.queenalice.com/game.php?id=655240"]
[Date "2009.9.20"]
[Round "-"]
[White "Conde7"]
[Black "PeterCamargo"]
[Result "0-1"]
[WhiteElo "2736"]
[BlackElo "2446"]

1. e4 c5 2. Nf3 Nc6 3. d4 cxd4 4. Nxd4 e5 5. Nb5 d6 6. Be3 Nf6 7. Bg5 Be6 8.
Bxf6 gxf6 9. Nd2 a6 10. Nc3 f5 11. Qh5 Qf6 12. Nd5 Bxd5 13. exd5 Ne7 14. O-O-O
e4 15. c3 b5 16. Nb3 Bg7 17. Nd4 O-O 18. Kb1 b4 19. c4 Qg6 20. Qe2 a5 21. h4
Bxd4 22. Rxd4 a4 23. h5 Qg7 24. Qd2 a3 25. b3 Rae8 26. Rh4 Qe5 27. g3 Kh8 28.
Bh3 Rg8 29. Kc2 Rc8 30. Kd1 Rg5 31. Ke1 h6 32. Qe3 Re8 33. Bf1 Kg7 34. Rd1 Ng8
35. Be2 Nf6 36. Qd4 Nd7 37. Qxe5+ Rxe5 38. Kd2 e3+ 39. Ke1 Re4 40. Rh3 f4 41.
Bf3 Re8 42. fxe3 Rxg3 43. Rxg3+ fxg3 44. Kd2 Rg8 45. Be4 Ne5 46. Rg1 Kf8 47. Ke2
Rg5 48. Bf3 f5 49. Rg2 Ke7 50. Rg1 Kf6 51. Rg2 Rg8 52. Rg1 Nd7 53. Ke1 Nc5 54.
Ke2 Ke5 55. Bg2 Ne4 56. Bxe4 fxe4 57. Rg2 Kf5 58. Kf1 Kg4 0-1

[Event "Challenge"]
[Site "http://www.queenalice.com/game.php?id=655241"]
[Date "2009.9.20"]
[Round "-"]
[White "PeterCamargo"]
[Black "Conde7"]
[Result "1/2-1/2"]
[WhiteElo "2452"]
[BlackElo "2711"]

1. d4 Nf6 2. Nf3 e6 3. c4 b6 4. g3 Ba6 5. b3 Bb4+ 6. Bd2 Be7 7. Bg2 c6 8. O-O d5
9. Ne5 Nfd7 10. Nxd7 Nxd7 11. Bc3 O-O 12. Nd2 Rc8 13. e4 b5 14. Re1 bxc4 15.
bxc4 dxc4 16. Qa4 Bb5 17. Qc2 Re8 18. a4 Ba6 19. Rad1 Bf8 20. Nf1 Qb6 21. Rb1
Qc7 22. Ne3 e5 23. Bf1 Rcd8 24. Bxc4 exd4 25. Bxd4 Bxc4 26. Nxc4 Nc5 27. Bc3 Qc8
28. e5 Ne6 29. f4 Qa6 30. Bb2 Rd5 31. Kh1 c5 32. Rbc1 Nd4 33. Qe4 Rd7 34. a5 Nb3
35. Rcd1 Rxd1 36. Rxd1 Nxa5 37. Ne3 Qc6 38. Nd5 Qb7 39. Bc3 Qb3 40. Qd3 c4 41.
Qe2 Nc6 42. Rd2 Ne7 43. Rb2 Qa4 44. Nxe7+ Bxe7 45. Qe4 Bc5 46. Rb7 Qd1+ 47. Kg2
h5 48. Qxc4 Qc2+ 49. Kh1 Qf5 50. Rb5 Bb6 51. e6 Qxe6 52. Qxe6 Rxe6 53. Rxh5 Re2
54. Rg5 g6 55. Rd5 Ra2 56. f5 Rf2 57. fxg6 fxg6 58. Ba5 Rb2 59. h3 Kf7 60. g4
1/2-1/2

[Event "Challenge"]
[Site "http://www.queenalice.com/game.php?id=657197"]
[Date "2009.9.24"]
[Round "-"]
[White "PeterCamargo"]
[Black "mbake5"]
[Result "0-1"]
[WhiteElo "2460"]
[BlackElo "2768"]

1. d4 Nf6 2. c4 e6 3. Nc3 Bb4 4. e3 O-O 5. Bd3 d5 6. Nf3 c5 7. O-O Nc6 8. a3
Bxc3 9. bxc3 Qc7 10. Rb1 dxc4 11. Bxc4 e5 12. Nxe5 Nxe5 13. dxe5 Qxe5 14. f3
Qxc3 15. Qe2 Qe5 16. e4 Qc7 17. Qa2 Bd7 18. Bg5 Bc6 19. a4 h6 20. Bh4 Nh5 21.
Rfd1 Nf4 22. a5 b5 23. axb6 axb6 24. Qf2 Ba4 25. Rf1 Rab8 26. Bg3 b5 27. Ra1
Rfd8 28. Rfc1 bxc4 29. Rxa4 Rd4 30. Qf1 Rb4 31. Ra2 Qe5 32. Rac2 Qf6 33. Rxc4
Nd3 34. Rxd4 Qxd4+ 35. Bf2 Qd6 36. Rd1 c4 37. Be3 Qe5 38. Rb1 Ra4 39. Qe2 Ra1
40. Rd1 Qb2 41. Qf1 Rxd1 42. Qxd1 Qb3 43. Qe2 Qb1+ 44. Qf1 Qb5 0-1

[Event "Challenge"]
[Site "http://www.queenalice.com/game.php?id=657198"]
[Date "2009.9.24"]
[Round "-"]
[White "PeterCamargo"]
[Black "Cerberus"]
[Result "1/2-1/2"]
[WhiteElo "2443"]
[BlackElo "2533"]

1. d4 d5 2. Nf3 Nf6 3. Bf4 c5 4. e3 Nc6 5. c3 Qb6 6. Qb3 c4 7. Qxb6 axb6 8. Na3
Na7 9. Nc2 Bf5 10. Nb4 e6 11. a3 h6 12. Be2 Nc8 13. h3 b5 14. Ne5 Nb6 15. Bd1
Ne4 16. f3 Nd6 17. Ng4 Be7 18. Nf2 O-O 19. O-O Na4 20. e4 dxe4 21. Bxa4 Rxa4 22.
Bxd6 Bxd6 23. Nxe4 Be7 24. g4 Bxe4 25. fxe4 Bxb4 26. axb4 Rfa8 27. Rab1 Kf8 28.
Kg2 Ke7 29. Kg3 Ra2 30. Rfd1 b6 31. e5 Rd8 32. h4 g6 33. Kf3 Kf8 34. Rf1 Kg7 35.
Ke4 1/2-1/2

[Event "Challenge"]
[Site "http://www.queenalice.com/game.php?id=657200"]
[Date "2009.9.24"]
[Round "-"]
[White "PeterCamargo"]
[Black "cro_kramnik"]
[Result "1/2-1/2"]
[WhiteElo "2445"]
[BlackElo "2470"]

1. d4 d5 2. c4 dxc4 3. Nf3 Nf6 4. e3 e6 5. Bxc4 c5 6. O-O a6 7. dxc5 Bxc5 8.
Qxd8+ Kxd8 9. Nbd2 Ke7 10. b3 b6 11. Bb2 Bb7 12. Rfd1 Nbd7 13. Be2 Rhc8 14. Rac1
b5 15. a4 bxa4 16. bxa4 Rab8 17. Rb1 a5 18. Bb5 Bb4 19. Ne5 Bd5 20. Nxd7 Nxd7
21. Bxg7 Bc6 22. Bxc6 Rxc6 23. Kf1 Rbc8 24. Ra1 e5 25. Nf3 f6 26. g4 Rg8 27. Nh4
Rc7 28. Rac1 Rxc1 29. Rxc1 Nc5 30. Nf5+ Kf7 31. Bh6 Rxg4 32. e4 Ne6 33. f3 Rg8
34. Be3 Rd8 1/2-1/2

[Event "Challenge"]
[Site "http://www.queenalice.com/game.php?id=657207"]
[Date "2009.9.24"]
[Round "-"]
[White "PeterCamargo"]
[Black "Brandon"]
[Result "0-1"]
[WhiteElo "2461"]
[BlackElo "2546"]

1. d4 Nf6 2. c4 e6 3. Nf3 d5 4. Nc3 c6 5. e3 Nbd7 6. Bd3 dxc4 7. Bxc4 b5 8. Bd3
Bb7 9. O-O a6 10. e4 c5 11. d5 Qc7 12. dxe6 fxe6 13. Bc2 c4 14. Nd4 Nc5 15. Qe2
Bd6 16. f4 e5 17. Ndxb5 axb5 18. Nxb5 Qb6 19. Nxd6+ Qxd6 20. fxe5 Qxe5 21. Rf5
Qe7 22. Qxc4 Rc8 23. Qb5+ Ncd7 24. Qxb7 Rxc2 25. Ra5 Kf7 26. Qb3+ Qe6 27. Qxc2
Qb6+ 28. Kh1 Qxa5 29. Qb3+ Ke7 30. Qg3 Rg8 31. Bg5 Kf7 32. Bxf6 gxf6 33. Qb3+
Kg7 34. Qe6 Qd2 35. b4 Kf8 36. Rg1 Rg7 37. Qc4 Re7 38. h3 Ne5 39. Qa6 Kg7 40.
Rf1 Nd7 41. Qc4 Qe3 42. Qb5 Qa3 43. Rf2 Rf7 44. Rc2 Ne5 45. Kh2 h5 46. Qb6 h4
47. Qf2 Qa4 48. Re2 Ng6 49. Qd4 Rd7 50. Qc3 Qa7 51. Kh1 Qa6 52. Qc2 Qd6 53. e5
Nxe5 54. a3 Qd3 55. Qxd3 Rxd3 56. Ra2 Rb3 57. a4 Rxb4 58. a5 Rb7 59. Kg1 Ra7 60.
a6 Nc6 61. Kf2 Kg6 0-1

[Event "Match - 2010"]
[Site "http://www.queenalice.com/game.php?id=707151"]
[Date "2010.1.2"]
[Round "-"]
[White "LuizFernandes"]
[Black "PeterCamargo"]
[Result "1/2-1/2"]
[WhiteElo "2199"]
[BlackElo "2466"]

1. e4 e5 2. Nf3 Nc6 3. Bc4 Nf6 4. Ng5 d5 5. exd5 Na5 6. Bb5+ c6 7. dxc6 bxc6 8.
Qf3 Qc7 9. Bd3 h6 10. Ne4 Nd5 11. Ng3 Nf4 12. O-O Be6 13. Be4 Bd6 14. Nf5 Bxf5
15. Bxf5 g6 16. Bh3 f5 17. d3 Rb8 18. Re1 O-O 19. Nc3 Qf7 20. Ne2 e4 21. Qe3 g5
22. Nxf4 Bxf4 23. Qd4 Bxc1 24. Raxc1 g4 25. Bxg4 Rbd8 26. Qb4 1/2-1/2

[Event "MATCH-2010"]
[Site "http://www.queenalice.com/game.php?id=707159"]
[Date "2010.1.2"]
[Round "-"]
[White "PeterCamargo"]
[Black "LuizFernandes"]
[Result "1/2-1/2"]
[WhiteElo "2458"]
[BlackElo "2263"]

1. e4 c5 2. Nf3 Nc6 3. d4 cxd4 4. Nxd4 e5 5. Nb5 d6 6. Bc4 Nf6 7. Bg5 Qa5+ 8.
Nd2 a6 9. Nc3 Be7 10. O-O O-O 11. Bxf6 Bxf6 12. Nd5 Bg5 13. c3 Be6 14. a4 Rae8
15. Ba2 Bxd2 16. Qxd2 Ne7 17. Rfd1 Nxd5 18. Bxd5 Re7 19. Bxe6 Rxe6 20. Qd5 Qb6
21. Rd2 Rc8 22. a5 Qc6 23. Ra3 Qd7 24. Rb3 Rc7 25. Rd1 h6 26. h3 Rf6 27. Rb6 Rc6
28. Rxc6 Qxc6 29. Qxc6 bxc6 30. b4 Kf8 31. Kf1 Ke7 32. Ke2 Kd7 33. c4 Kc7 34.
Ke3 Re6 35. Rb1 Kb7 1/2-1/2

[Event "Challenge"]
[Site "http://www.queenalice.com/game.php?id=731532"]
[Date "2010.2.13"]
[Round "-"]
[White "JDZ"]
[Black "PeterCamargo"]
[Result "1-0"]
[WhiteElo "2457"]
[BlackElo "2466"]

1. d4 Nf6 2. c4 e6 3. Nf3 d5 4. Nc3 Be7 5. cxd5 exd5 6. Bf4 O-O 7. e3 Nh5 8. Be5
f6 9. Bg3 c6 10. Bd3 g6 11. Bh4 Be6 12. O-O Nd7 13. h3 Bd6 14. Qc2 Nb6 15. g4
Ng7 16. Rae1 Qd7 17. Bg3 f5 18. Bxd6 Qxd6 19. Ne5 1-0

[Event "Challenge"]
[Site "http://www.queenalice.com/game.php?id=732435"]
[Date "2010.2.15"]
[Round "-"]
[White "PeterCamargo"]
[Black "JDZ"]
[Result "0-1"]
[WhiteElo "2475"]
[BlackElo "2448"]

1. d4 f5 2. g3 Nf6 3. Bg2 e6 4. c4 c6 5. Nc3 d5 6. Nf3 Bd6 7. O-O O-O 8. Qb3
Nbd7 9. h3 Qe7 10. Bg5 h6 11. Bxf6 Nxf6 12. Rac1 Ne4 13. Rc2 Rb8 14. Rfc1 Qf6
15. e3 Bd7 16. Qa4 a6 17. Qa5 b6 18. Qxa6 Ra8 0-1

[Event "Bras/Arg"]
[Site "http://www.queenalice.com/game.php?id=1114961"]
[Date "2012.10.22"]
[Round "-"]
[White "PeterCamargo"]
[Black "Cuxtal"]
[Result "0-1"]
[WhiteElo "2436"]
[BlackElo "2565"]

1. d4 Nf6 2. c4 g6 3. Nf3 Bg7 4. Nc3 d5 5. cxd5 Nxd5 6. e4 Nxc3 7. bxc3 c5 8.
Be2 Nc6 9. d5 Bxc3+ 10. Bd2 Bxa1 11. Qxa1 Nd4 0-1

[Event "BRA/ITA"]
[Site "http://www.queenalice.com/game.php?id=1114963"]
[Date "2012.10.22"]
[Round "-"]
[White "PeterCamargo"]
[Black "Phil_Corrigan"]
[Result "0-1"]
[WhiteElo "2417"]
[BlackElo "2552"]

1. d4 d5 2. c4 dxc4 3. Nf3 Nf6 4. Nc3 e6 5. e3 a6 6. Bxc4 c5 7. O-O b5 8. Bb3
Bb7 9. Qe2 Nbd7 10. e4 cxd4 11. Nxd4 Bc5 12. Rd1 Qb6 13. Be3 O-O 14. a4 b4 15.
a5 Qc7 16. Na4 Bd6 17. g3 Nxe4 18. Rac1 Qxa5 19. Nxe6 Qf5 20. Nxf8 Ne5 21. f4
Ng5 22. Bd5 Bxd5 23. Rxd5 Nef3+ 24. Kf1 Qxd5 25. Nb6 Qf5 26. Nxa8 Qh3+ 27. Qg2
Nxh2+ 28. Kg1 Ngf3+ 29. Kf2 Qf5 30. g4 Nxg4+ 31. Kxf3 Nxe3 0-1

[Event "AUTO-ELITE-1069"]
[Site "http://www.queenalice.com/game.php?id=1115430"]
[Date "2012.10.23"]
[Round "1"]
[White "PeterCamargo"]
[Black "edsDr23"]
[Result "0-1"]
[WhiteElo "2431"]
[BlackElo "2488"]

1. d4 Nf6 2. Nf3 d5 3. c4 e6 4. Nc3 Bb4 5. Bd2 c6 6. e3 O-O 7. Bd3 Nbd7 8. O-O
Re8 9. Nxd5 exd5 10. Bxb4 dxc4 11. Bxc4 Nb6 12. Bd3 Bg4 13. h3 Bh5 0-1

[Event "AUTO-ELITE-1069"]
[Site "http://www.queenalice.com/game.php?id=1115431"]
[Date "2012.10.23"]
[Round "1"]
[White "edsDr23"]
[Black "PeterCamargo"]
[Result "1-0"]
[WhiteElo "2495"]
[BlackElo "2424"]

1. Nf3 d5 2. c4 d4 3. g3 Nc6 4. Bg2 e5 5. d3 Nf6 6. O-O Be7 7. Bg5 h6 8. Bxf6
Bxf6 9. Nbd2 O-O 10. a3 a5 11. Qa4 Ra7 12. Rae1 Re8 13. e3 Bd7 14. Qc2 1-0